Técnicas e instrumentos de evaluación /
| Auteur principal: | |
|---|---|
| Format: | Livre |
| Langue: | espagnol |
| Publié: |
Barcelona :
Ediciones CEAC,
1977
|
| Sujets: |
MARC
| LEADER | 00000nam a2200000Ia 4500 | ||
|---|---|---|---|
| 008 | 170726b1977 sp ||||| |||| 00| | spa d | ||
| 999 | |c 1401 |d 1401 | ||
| 090 | |a 06.01.01 |b 1873 | ||
| 100 | 1 | |a Pallares, Manuel |9 3041 | |
| 245 | 1 | 0 | |a Técnicas e instrumentos de evaluación / |c Manuel Pallares |
| 260 | |a Barcelona : |b Ediciones CEAC, |c 1977 | ||
| 300 | |a 181 páginas | ||
| 650 | 1 | 4 | |a EDUCACIÓN |9 1 |
| 650 | 1 | 4 | |a EVALUACIÓN |9 287 |
| 942 | |i 002685 |h 06.01.01 1873 |2 z |c 01 | ||
